000 00657nam a2200241 i 4500
001 C2-0278375
003 PPAK
005 20180728010035.0
008 070319s2007 my |||| ||||| | may d
020 _a9831952286 ; 9789831952283
040 _aPPAK
_beng
_cPPAK
_erda
082 0 4 _a899.233
_223
090 0 0 _a899.233
_bJES
_dG
100 0 _aJesmin Rawen,
_d1981-
_eauthor
245 1 0 _aSeteguh sauh
264 1 _aShah Alam, Selangor :
_bKarisma Publications ,
_c2007
300 _a127 pages ;
_c18 cm
336 _2rdacontent
_atext
337 _2rdamedia
_aunmediated
338 _2rdacarrier
_avolume
650 1 0 _aMalay fiction.
942 _ddc
_cB
999 _c85331
_d85331